000 01506nam a2200361 a 4500
001 ebr10591456
003 CaPaEBR
006 m u
007 cr cn|||||||||
008 121211s1976 gw a sb 001 0 grc d
020 _z3519014173
020 _z9783598714177
020 _z9783110957051 (e-book)
040 _aCaPaEBR
_cCaPaEBR
035 _a(OCoLC)823746841
041 1 _agrc
_ager
_hger
050 1 4 _aQA31
_b.H47 1976eb
100 0 _aHero,
_cof Alexandria.
245 1 0 _aHeronis Alexandrini Opera Quae Supersunt Omnia
_h[electronic resource] .
_nVolumen V,
_pHeronis Quae Feruntur Stereometrica et de Mensuris /
_cCopiis Guilelmi Schmidt usus Edidit J.L. Heiberg.
260 _aStutgardiae :
_bIn Aedibus B.G. Teubneri,
_c1976.
300 _acxxvi, 275 p. :
_bill.
440 0 _aBibliotheca scriptorum Graecorum et Romanorum Teubneriana
504 _aIncludes bibliographical references and index.
533 _aElectronic reproduction.
_bPalo Alto, Calif. :
_cebrary,
_d2011.
_nAvailable via World Wide Web.
_nAccess may be limited to ebrary affiliated libraries.
546 _aGreek and German; introductory material in Latin.
650 0 _aMathematics, Greek.
650 0 _aPhysics
_vEarly works to 1800.
655 7 _aElectronic books.
_2local
700 1 _aHeiberg, J. L.
700 1 _aSchmidt, Guilelmi.
710 2 _aebrary, Inc.
856 4 0 _uhttp://site.ebrary.com/lib/rucke/Doc?id=10591456
_zAn electronic book accessible through the World Wide Web; click to view
999 _c210104
_d210104